Primates Word Scramble - Statistics

General Stats
  • This quiz has been taken 46 times
  • The average score is 12 of 15
Answer Stats
Hint Answer % Correct
agroill Gorilla
100%
arutangon Orangutan
100%
hazepincem Chimpanzee
92%
elrum Lemur
92%
irmandll Mandrill
92%
yea aey Aye-aye
89%
bibgon Gibbon
89%
unmah Human
89%
boobna Baboon
84%
meaqcua Macaque
79%
artosemm Marmoset
68%
ramanit Tamarin
68%
artries Tarsier
42%
driin Indri
39%
agelda Gelada
26%
No matching quizzes found
Score Distribution
Percent of People with Each Score
Percentile by Number Answered
Your Score History
You have not taken this quiz